000 00971nas a2200337 4500
001 BR0403756
003 BR-BrBNA
005 20231205104724.0
007 ta
008 230509b bl.|||p| |||| 00| 00por d
040 _aBR-BrBNA
_bpor
_cBiblioteca Nacional de Agricultura
041 _a(Pt)
072 _aL02; L53; L50
100 1 _aLeite, L.C.
100 1 _aAndriguetto, J.L.
100 1 _aPaula, M.C. de
100 1 _aRocha, R.M.V.M.
245 1 _aDiferentes balanços catiônicos-aniônicos da dieta de vacas da raça Holandesa
650 _aGADO HOLANDÊS
650 _aPARTO
650 _aDIETA
650 _aCOMPOSIÇÃO DE ALIMENTO
650 _aCÁLCIO
650 _aPH
650 _aURINA
650 _aPLASMA
650 _aBIOQUÍMICA ANIMAL
773 0 _tRevista Brasileira de Zootecnia (Brazil)
_xISSN 1516-3598
_g(Sep-Oct 2003), v. 32(5) p. 1259-1265
_wBR0403756
909 _a202311
_bLúcia
_c55
_dLúcia Elande
942 _2AGRIS
_n0
_cANA
999 _c179424
_d179424